Social Networks And The Semantic Web (Record no. 217829)

MARC details
000 -LEADER
fixed length control field 00452nam a2200169Ia 4500
008 - FIXED-LENGTH DATA ELEMENTS--GENERAL INFORMATION
fixed length control field 230714s9999 xx 000 0 und d
020 ## - INTERNATIONAL STANDARD BOOK NUMBER
International Standard Book Number 9790000000000
041 ## - LANGUAGE CODE
Language code of text/sound track or separate title eng
082 ## - DEWEY DECIMAL CLASSIFICATION NUMBER
Classification number 005.678
Item number MIK
100 ## - MAIN ENTRY--PERSONAL NAME
Personal name Mika P.
9 (RLIN) 199054
245 ## - TITLE STATEMENT
Title Social Networks And The Semantic Web
260 ## - PUBLICATION, DISTRIBUTION, ETC. (IMPRINT)
Date of publication, distribution, etc. 2007
Name of publisher, distributor, etc. Springer
300 ## - PHYSICAL DESCRIPTION
Extent 234
365 ## - TRADE PRICE
Currency code Rs.
Price amount 675.00
700 ## - ADDED ENTRY--PERSONAL NAME
Personal name Mika P.
9 (RLIN) 199054
906 ## - LOCAL DATA ELEMENT F, LDF (RLIN)
d O:0512822-Jun-2016B:IN 17017-Jun-2016
c COMP
b 337.5

No items available.